| Tag |
First Indicator |
Second Indicator |
Subfields |
| LEADER |
00000cam a2200000 i 4500 |
| 001 |
in00000062969 |
| 005 |
20151008051126.0 |
| 008 |
770527s1977 nyua b 00100 eng |
| 010 |
|
|
|a 77009939
|
| 020 |
|
|
|a 0440093430
|
| 035 |
|
|
|a (OCoLC)03072550
|
| 035 |
|
|
|9 AAG5908AM
|
| 040 |
|
|
|a DLC
|c DLC
|d OCL
|d TXA
|d UtOrBLW
|
| 049 |
|
|
|a TXAM [Also in] [Sp Coll]
|c 1 [1535561]
|a TXAS
|c 2 [1102824]
|
| 050 |
0 |
0 |
|a PS3572.O5
|b Z9
|
| 082 |
0 |
|
|a 813/.5/4
|
| 245 |
0 |
0 |
|a Vonnegut in America :
|b an introduction to the life and work of Kurt Vonnegut /
|c original essays edited by Jerome Klinkowitz and Donald L. Lawler.
|
| 264 |
|
1 |
|a New York :
|b Delacorte Press/S. Lawrence,
|c [1977]
|
| 264 |
|
4 |
|c ©1977
|
| 300 |
|
|
|a xv, 304 pages :
|b illustrations ;
|c 21 cm.
|
| 336 |
|
|
|a text
|b txt
|2 rdacontent
|
| 337 |
|
|
|a unmediated
|b n
|2 rdamedia
|
| 338 |
|
|
|a volume
|b nc
|2 rdacarrier
|
| 500 |
|
|
|a Includes index.
|
| 504 |
|
|
|a "The Vonnegut bibliography": pages [217]-252.
|
| 600 |
1 |
0 |
|a Vonnegut, Kurt
|x Criticism and interpretation.
|
| 700 |
1 |
|
|a Klinkowitz, Jerome.
|
| 700 |
1 |
|
|a Lawler, Donald L.
|
| 999 |
|
|
|a MARS
|
| 999 |
f |
f |
|s c746680a-659f-31be-9ab3-32b86d6ea50f
|i 80d50546-3e99-32df-9a8e-c73057ec7df0
|t 0
|
| 952 |
f |
f |
|p ric
|a Texas A&M University
|b Rellis Campus
|c Joint Library Facility
|s JLF
|d Remote Storage
|t 0
|e PS3572.O5 Z9
|h Library of Congress classification
|i unmediated -- volume
|m A14804134222
|
| 998 |
f |
f |
|a PS3572.O5 Z9
|t 0
|l Remote Storage
|